| 000 | 00594cam a22002051 4500 | ||
|---|---|---|---|
| 001 | he 66001396 | ||
| 003 | DLC | ||
| 005 | 20260227111440.0 | ||
| 008 | 870514s1966 is 000 0 heb | ||
| 010 | _ahe 66001396 | ||
| 035 | _a(OCoLC)15686502 | ||
| 040 |
_aDLC _cTxU _dTxU _dDLC |
||
| 050 | 0 | 0 |
_aPJ5054.S18 _bK6 |
| 100 | 1 |
_aZach, Nathan, _d1930- |
|
| 245 | 1 | 0 |
_aKol he-ḥalav veha-devash; _bshirim _c[me-et] Natan Zakh. |
| 260 |
_a[Tel-Aviv] _bʻAm ʻOved _c[1966] |
||
| 300 |
_a95 p. _c24 cm. |
||
| 500 | _aAdded t. p.: All the milk and the honey; a book of poems. | ||
| 500 | _aVocalized. | ||
| 999 |
_c31894 _d31894 |
||